000
00328nam a22001577a 4500
020
_a
81-204-0507-2
041
_a
ENG
100
_a
Sharma .R.K
245
_a
Irrigation And Drainage Vol 1
250
_a
Vol 1
260
_a
Delhi
_b
Oxford
_c
1993
300
_a
333
650
_a
IDE
700
_a
Sharma .T.K
856
_u
IDE
999
_c
388
_d
388